1095 1024 1035 1266 1772 1101 1205 1298 1701 1703 1651 1416 1228 1587 1366 1448 1907 1488 1856 1173 1171 1873 1310 1067 1209 1243 1569 1985 1492 1945 1220 1320 1866 1068 1562 1348 1516 1109 1391 1837 1947 1460 1740 1313 1015 1090 1650 1363 1218 1236 1673 1513 1805 1014 1800 1797 1932 1262 1701 1904 1833 1953 1403 1998 1748 1401 1819 1609 1538 1820 1473 1085 1873 1075 1923 1290 1973 1238 1559 1998 1470 1727 1314 1912 1959 1190 1347 1837 1623 1794 1892 1301 1327 1240 1776 1193 1637 1535 1255 BCNSPRNW ULIB Ver.6.0+V

เปลี่ยนเป็นภาษาไทย

Change to English
 แสดงรายละเอียดบรรณานุกรม
  กลับหน้าหลัก

Brief Record : Get Marc (ISO 2709) : E-mail record : QR code < ปิดหน้าต่าง
LEADER : 00000nam 2200000uu 4500
001    13399123611
003     ULIB
008    141017s2556||||th 000 0 tha d
020    ^a9786165155496
060  4 ^aWS270^bพ187ร
100    ^aพนมกร ดิษฐสุวรรณ์.
245    ^aโรคกระดูกเด็กปัญหาไม่เล็กแต่แก้ได้/^cพนมกร ดิษฐสุวรรณ์.
250    ^aพิมพ์ครั้งที่ 1
260    ^aกรุงเทพฯ :^bเนชั่น อินเตอร์เนชัลแนล เอ็ดดูเทนเมนท์,^c2556
300    ^a128 หน้า
505 0  ^aอาการน่าสงสัย สังเกตเห็นได้ตั้งแต่แรกคลอด จนถึงปฐมวัย,อุบัติเหตุ ผลกระทบในระยะยาว หากแก้ไขไม่ถูกวิธี,อยากรู้-อยากถาม
650    ^aกระดูก^xโรค
945    ^p130^l0^i21527
945    ^p130^l0^i21528
945    ^p130^l0^i21529
945    ^p130^l0^i21530
945    ^p130^l0^i21531
999    ^aทศพร เกษรทอง
รายการนี้ยังไม่มีแท็ก
คุณยังไม่ได้ล็อกอิน คุณสามารถมีกิจกรรมร่วมกับเว็บไซต์ได้ แต่ต้องล็อกอินก่อน ::
  ล็อกอิน

รายการสื่อสารสนเทศ

ลำดับที่ ประเภท เลขเรียก/บาร์โค้ด สถานที่ สถานะ
1. วิทยาศาสตร์การแพทย์ และสุขภาพ
หนังสือสำรอง
สถานะ=หนังสือสำรอง
WS270 พ187ร ฉ.1 
  Barcode: 21527
ห้องสมุดวิทยาเขตนครสวรรค์
►หนังสือทั่วไป:l:General Books
บนชั้น
2. วิทยาศาสตร์การแพทย์ และสุขภาพ
วิทยาศาสตร์การแพทย์ และสุขภาพ
WS270 พ187ร ฉ.2 
  Barcode: 21528
ห้องสมุดวิทยาเขตนครสวรรค์
►หนังสือทั่วไป:l:General Books
บนชั้น
3. วิทยาศาสตร์การแพทย์ และสุขภาพ
วิทยาศาสตร์การแพทย์ และสุขภาพ
WS270 พ187ร ฉ.3 
  Barcode: 21529
ห้องสมุดวิทยาเขตนครสวรรค์
►หนังสือทั่วไป:l:General Books
บนชั้น
4. วิทยาศาสตร์การแพทย์ และสุขภาพ
วิทยาศาสตร์การแพทย์ และสุขภาพ
WS270 พ187ร ฉ.4 
  Barcode: 21530
ห้องสมุดวิทยาเขตนครสวรรค์
►หนังสือทั่วไป:l:General Books
บนชั้น
5. วิทยาศาสตร์การแพทย์ และสุขภาพ
วิทยาศาสตร์การแพทย์ และสุขภาพ
WS270 พ187ร ฉ.5 
  Barcode: 21531
ห้องสมุดวิทยาเขตนครสวรรค์
►หนังสือทั่วไป:l:General Books
บนชั้น

รายการใกล้เคียง
    ผู้แต่ง [พนมกร ดิษฐสุวรรณ์.]

BibComment


ยังไม่เคยถูกคอมเมนท์

คอมเมนท์ทรัพยากรรายการนี้
  คอมเมนท์: โรคกระดูกเด็กปัญ..


 Copyright 2026. Bcnsprnw @Library